| 000 | 00533nam a2200217 a 4500 | ||
|---|---|---|---|
| 005 | 20240808063708.0 | ||
| 008 | 991125n 000 0 spa u | ||
| 035 | _aUPN01000098962 | ||
| 100 | 1 |
_aLanda, Josu, _d1953- _940969 |
|
| 222 | _aEDUCACION 2001 | ||
| 245 | _a¿Se pueden enseñar los valores ? | ||
| 260 | _aMéxico | ||
| 300 | _a48-50 | ||
| 362 | 0 | _a1999 No. 52, sept. | |
| 653 | 0 | _aENSEÑANZA | |
| 653 | 0 | _aETICA | |
| 653 | 0 | _aPROCESO EDUCATIVO | |
| 653 | 0 | _aVALORES | |
| 904 |
_aAC _b036773 |
||
| 905 | _aArticulo | ||
| 999 |
_c76673 _d76673 |
||